000
00317nam a22001337a 4500
008
171020b xxu||||| |||| 00| 0 eng d
020
_a
9780132437158
041
_a
eng
080
_2
8TH
_a
338
100
_a
54
101
_a
MIS
245
_a
INFORMATION SYSTEMS MANAGEMENT IN PRACTICE
_c
NURLIN,B.C
942
_2
udc
_c
BK
999
_c
35084
_d
35084